| 000 | 00433nam a22001577a 4500 | ||
|---|---|---|---|
| 003 | SGT | ||
| 020 | _a9788131505526 | ||
| 082 | _a658.3,ADL | ||
| 100 | _aNANCY J, ADLER | ||
| 245 | _aINTERNATIONAL ORGANIZATIONAL BEHAVIOR | ||
| 260 |
_aNEW DELHI _bSOUTH- WESTERN _c2007 |
||
| 300 | _a313 | ||
| 650 | _aHUMAN RESOURCE MANAGE MAT | ||
| 653 | _aCULTURE AND MANAGEMENT,COMMUNICATING ACROSS CULTURES, LEADING GLOBALLY | ||
| 942 |
_2ddc _cFCM |
||
| 999 |
_c9393 _d9393 |
||